00306nam a2200121Ia 45000030006000000080041000060400015000471000024000622450047000862600022001335460012001550050017001670STCL150530s9999 xx 000 0 und d aSTCLcSTCL aGeorge Earle Buckle aLife of Benjamin disraeli vol-VI 1876-1881 bJohn Murrayc1920 aEnglish20220125171411.0